00696nas a2200229 4500001001000000003000900010005001700019007000300036008003400039040005400073041000900127072001300136100001600149100002200165100001500187245005400202650002500256650001500281650001700296650001200313773014100325BR9200533BR-BrBNA20231205092253.0ta230509b bl.|||p| |||| 00| 00por d aBR-BrBNAbporcBiblioteca Nacional de Agricultura a(Pt) aN20; F041 aFolle, S.M.1 aRocha, F.E. de C.1 aMartin, U.1 aAdubadora com sistema tipo rosca sem-fim vertical aEQUIPAMENTO AGRICOLA aADUBADEIRA aFERTILIZANTE aPRATICO0 tInforme Agropecuario - Empresa de Pesquisa Agropecuaria de Minas Gerais (Brazil)xISSN 0100-3364g(1991), v. 15(169) p. 43-44wBR9200533